Titres de chansons de Nekfeu - Clic Quiz - Statistiques

Statistiques générales
  • Ce quiz a été pris 1 620 fois
  • Le résultat moyen est 16 sur 20
Statistiques - réponses
Hint Réponse % Correct
Les étoiles Vagabondes
95%
Risibles Amours
93%
Mauvaise Graine
93%
Ken Kaneki
93%
Elle Pleut
93%
Réalité Augmentée
91%
Menteur Menteur
90%
Martin Eden
85%
J'aurais du continuer Le rap
85%
Putain D'époque
84%
Dernier Soupir
82%
Besoin De sens
81%
Les filles De Paris
79%
Jeux vidéo Et débats
78%
Koala Mouillé
78%
Voyage Léger
75%
J'élargis Mes racines
74%
Premier Pas
71%
La moue Des morts
66%
Moins Un
54%
Aucun quiz correspondant
Distribution des résultats
% des personnes avec chaque résultat
Percentile par nombre de réponses
Votre historique - résultats
Vous n’avez pas pris ce quiz